| 000 | 00835na a2200265 4500 | ||
|---|---|---|---|
| 001 | 16635 | ||
| 003 | MIRAKIL | ||
| 005 | 20181213154958.0 | ||
| 008 | 161012b tu 000 0 | ||
| 020 | _a9789759119256 | ||
| 035 | _a16635 | ||
| 040 |
_aMilas _btur _cTR-AnCHP |
||
| 041 |
_atur _aeng |
||
| 082 |
_a956.22651 _bA72a 2011 |
||
| 090 | _a956.22651 A72a 2011 | ||
| 100 | _aAtay, Korhan | ||
| 245 |
_aAdalar'da iz bırakanlar _b= Those who left marks on the Istanbul Islands _cKorhan Atay |
||
| 246 | _aThose who left marks on the Istanbul Islands | ||
| 260 |
_aİstanbul _bAdalı yayınları _c2011 |
||
| 300 |
_a108 s. _bfotg. ; hrt. _c27 sm. |
||
| 651 |
_aAdalar (İstanbul) _xTarih |
||
| 651 |
_aİstanbul _xAnılar _zAdalar |
||
| 651 |
_aAdalar (İstanbul) _xSosyal yaşam ve gelenekler _zDerlemeler |
||
| 942 |
_2dcc _cBKS |
||
| 999 |
_c4237 _d4237 |
||